[Event "6. Torneo Distrito Chamartin 2017"]
[Site "Madrid ESP"]
[Date "2017.09.08"]
[Round "7.6"]
[White "Alfaya Marcelo, Roberto"]
[Black "Gomez Peco, Pablo"]
[Result "1/2-1/2"]
[WhiteElo "2126"]
[BlackElo "2192"]
[PlyCount "54"]
[EventDate "2017.09.04"]
[EventType "swiss"]
[EventRounds "9"]
[EventCountry "ESP"]
[SourceTitle "Ajedrez en Madrid"]
[Source "lmi"]
[SourceDate "2017.09.04"]
[SourceVersion "1"]
[SourceVersionDate "2018.03.05"]
[SourceQuality "1"]

1. e4 c6 2. Nf3 d5 3. Nc3 Bg4 4. d4 e6 5. h3 Bh5 6. Bd3 dxe4 7. Nxe4 Nf6 8. c3
Nxe4 9. Bxe4 Bd6 10. O-O Nd7 11. Re1 Qc7 12. Bg5 O-O 13. Qc2 Bg6 14. Bxg6 hxg6
15. Rad1 Rfe8 16. Re2 Bf4 17. Qe4 Bxg5 18. Nxg5 Nf8 19. Qf3 Re7 20. h4 Rd8 21.
b4 b6 22. Rde1 Red7 23. Re3 Rd5 24. Nh3 Rf5 25. Qe4 c5 26. dxc5 bxc5 27. g3
cxb4 1/2-1/2

[Event "6. Torneo Distrito Chamartin 2017"]
[Site "Madrid ESP"]
[Date "2017.09.08"]
[Round "7.7"]
[White "Delgado Alarcon, Jesus Francisco"]
[Black "Garcia Galeote, Lorenzo"]
[Result "1-0"]
[WhiteElo "2094"]
[BlackElo "1989"]
[PlyCount "73"]
[EventDate "2017.09.04"]
[EventType "swiss"]
[EventRounds "9"]
[EventCountry "ESP"]
[SourceTitle "Ajedrez en Madrid"]
[Source "lmi"]
[SourceDate "2017.09.04"]
[SourceVersion "1"]
[SourceVersionDate "2018.03.05"]
[SourceQuality "1"]

1. d4 Nc6 2. e3 e5 3. d5 Nce7 4. c4 Ng6 5. Nc3 Bb4 6. Bd2 Nf6 7. Bd3 c6 8. Nge2
O-O 9. O-O cxd5 10. cxd5 a6 11. Qb3 Bc5 12. Rac1 d6 13. Ng3 b5 14. Nce4 Qe7 15.
Nxf6+ Qxf6 16. Ne4 Qe7 17. Qc2 Nh4 18. f4 exf4 19. Rxf4 Ng6 20. Rf2 Ne5 21.
Nxc5 dxc5 22. Bxh7+ Kh8 23. Bf5 Nc4 24. e4 Nxd2 25. Qxd2 Bxf5 26. exf5 Rfd8 27.
f6 Qe5 28. fxg7+ Kxg7 29. Rxc5 Rac8 30. Rxc8 Rxc8 31. Rf3 f6 32. h3 Rc4 33. d6
Qd4+ 34. Rf2 Qc5 35. d7 Rc1+ 36. Kh2 Qe5+ 37. g3 1-0

[Event "6. Torneo Distrito Chamartin 2017"]
[Site "Madrid ESP"]
[Date "2017.09.08"]
[Round "7.8"]
[White "Anton Quevedo, Andrea"]
[Black "Roa Alonso, Santiago"]
[Result "0-1"]
[WhiteElo "1954"]
[BlackElo "2356"]
[PlyCount "88"]
[EventDate "2017.09.04"]
[EventType "swiss"]
[EventRounds "9"]
[EventCountry "ESP"]
[SourceTitle "Ajedrez en Madrid"]
[Source "lmi"]
[SourceDate "2017.09.04"]
[SourceVersion "1"]
[SourceVersionDate "2018.03.05"]
[SourceQuality "1"]

1. e4 e5 2. Nf3 Nc6 3. Bc4 Be7 4. d4 d6 5. h3 Nf6 6. Nc3 O-O 7. Bb3 Bd7 8. a3
a6 9. O-O h6 10. Be3 Qe8 11. Re1 Bd8 12. Qd3 Kh8 13. Rad1 Nb8 14. dxe5 dxe5 15.
Nd5 Bc6 16. Bd2 a5 17. Bc3 Nbd7 18. Qe3 Ng8 19. g4 b6 20. Kg2 Kh7 21. Rg1 Bb7
22. Be1 Nc5 23. Ba2 Nf6 24. Nd2 Nxd5 25. exd5 Bg5 26. Qe2 Ne6 27. Qe4+ g6 28.
Nf3 f5 29. Qc4 fxg4 30. Nxg5+ Nxg5 31. hxg4 c6 32. Bd2 cxd5 33. Qc7+ Rf7 34.
Qxb6 Ra6 35. Qb3 d4+ 36. Kf1 Raf6 37. Bxg5 Rxf2+ 38. Ke1 Ba6 39. Rd3 Qf8 40.
Bh4 Rf1+ 41. Rxf1 Rxf1+ 42. Kd2 Qf4+ 43. Re3 dxe3+ 44. Qxe3 Rd1+ 0-1

[Event "6. Torneo Distrito Chamartin 2017"]
[Site "Madrid ESP"]
[Date "2017.09.08"]
[Round "7.9"]
[White "Zhou, Lulu"]
[Black "Aziz Ortego, Omar Luis"]
[Result "1/2-1/2"]
[WhiteElo "1928"]
[BlackElo "2069"]
[PlyCount "129"]
[EventDate "2017.09.04"]
[EventType "swiss"]
[EventRounds "9"]
[EventCountry "ESP"]
[SourceTitle "Ajedrez en Madrid"]
[Source "lmi"]
[SourceDate "2017.09.04"]
[SourceVersion "1"]
[SourceVersionDate "2018.03.05"]
[SourceQuality "1"]

1. e4 d6 2. d4 g6 3. c4 Bg7 4. Nc3 a6 5. Be3 Nc6 6. f3 e5 7. d5 Nd4 8. Nge2
Nxe2 9. Bxe2 f5 10. Qd2 Bh6 11. Bxh6 Qh4+ 12. g3 Qxh6 13. Qxh6 Nxh6 14. Kd2 Bd7
15. h3 Rf8 16. g4 f4 17. b4 Ke7 18. Rhc1 g5 19. h4 gxh4 20. Rh1 Nf7 21. Rxh4
Rh8 22. a3 a5 23. Rhh1 b6 24. b5 Rag8 25. Rh5 Be8 26. Rh2 Ng5 27. Rah1 h5 28.
Kd3 Rh6 29. Nb1 Rgh8 30. gxh5 Bxh5 31. Nd2 Nf7 32. Kc2 Kf6 33. Kd1 Bg6 34. Rxh6
Rxh6 35. Rxh6 Nxh6 36. Ke1 Kg5 37. Kf2 Kh4 38. Kg2 Nf7 39. Bd1 Ng5 40. Be2 Be8
41. Bf1 Bd7 42. Kf2 Nf7 43. a4 Nd8 44. Nb3 Bh3 45. Be2 Nf7 46. Bd3 Bd7 47. Bf1
Ng5 48. Nd2 Be8 49. Bg2 Bh5 50. Nb3 Nh7 51. Bf1 Nf6 52. Nc1 Bg6 53. Bd3 Kh3 54.
Nb3 Be8 55. Bf1+ Kh4 56. Bd3 Bd7 57. Be2 Kg5 58. Kg2 Nh5 59. Bf1 Ng3 60. Bd3
Kh4 61. Kh2 Bc8 62. Nd2 Bh3 63. Kg1 Nh5 64. Kh2 Nf6 65. Bc2 1/2-1/2

[Event "6. Torneo Distrito Chamartin 2017"]
[Site "Madrid ESP"]
[Date "2017.09.08"]
[Round "7.10"]
[White "Gomez Ferrer, Jesus"]
[Black "Garcia Serrano, Jose Manuel"]
[Result "1-0"]
[WhiteElo "2035"]
[BlackElo "1843"]
[PlyCount "117"]
[EventDate "2017.09.04"]
[EventType "swiss"]
[EventRounds "9"]
[EventCountry "ESP"]
[SourceTitle "Ajedrez en Madrid"]
[Source "lmi"]
[SourceDate "2017.09.04"]
[SourceVersion "1"]
[SourceVersionDate "2018.03.05"]
[SourceQuality "1"]

1. c4 e5 2. Nc3 Nf6 3. Nf3 Nc6 4. g3 d5 5. cxd5 Nxd5 6. d3 Be7 7. Bg2 Nb6 8. a3
O-O 9. b4 a6 10. O-O f5 11. Qb3+ Kh8 12. Be3 Bf6 13. Bxb6 cxb6 14. Rac1 Qe8 15.
e4 Be6 16. Qb1 Qf7 17. b5 axb5 18. Nxb5 Rfd8 19. Rfe1 g5 20. d4 Ba2 21. Qb2
exd4 22. e5 Bg7 23. Nxg5 Qb3 24. Qxb3 Bxb3 25. Rb1 Bc4 26. Nd6 Ba2 27. Rb2 Nxe5
28. Rxa2 Rxd6 29. f4 Nc4 30. Nf7+ Kg8 31. Nxd6 Nxd6 32. Bd5+ Kf8 33. Bf3 b5 34.
Rd1 b4 35. Rd3 Ra7 36. a4 Ne4 37. Rb3 Nc3 38. Rc2 Rxa4 39. Bxb7 Ne4 40. Rc8+
Kf7 41. Ra8 Rxa8 42. Bxa8 Nc5 43. Rxb4 d3 44. Kf1 Ke6 45. Bf3 Kd6 46. Kf2 Bc3
47. Rc4 Bf6 48. Ke3 Bg7 49. h3 Bf6 50. Kd2 Bb2 51. Rb4 Ba3 52. Rb6+ Kc7 53.
Rc6+ Kd7 54. Rh6 Bb4+ 55. Ke3 d2 56. Rxh7+ Ke6 57. Rh6+ Kd7 58. Rb6 Bc3 59. Rb1
1-0

[Event "6. Torneo Distrito Chamartin 2017"]
[Site "Madrid ESP"]
[Date "2017.09.08"]
[Round "7.11"]
[White "Barragan Arriaza, Pablo"]
[Black "Yingrui, Lin"]
[Result "0-1"]
[WhiteElo "1908"]
[BlackElo "2031"]
[PlyCount "60"]
[EventDate "2017.09.04"]
[EventType "swiss"]
[EventRounds "9"]
[EventCountry "ESP"]
[SourceTitle "Ajedrez en Madrid"]
[Source "lmi"]
[SourceDate "2017.09.04"]
[SourceVersion "1"]
[SourceVersionDate "2018.03.05"]
[SourceQuality "1"]

1. c4 e5 2. g3 Nf6 3. Bg2 c6 4. d3 d5 5. b3 Bb4+ 6. Bd2 Bd6 7. cxd5 cxd5 8. Nc3
Bc7 9. Nb5 Nc6 10. Nxc7+ Qxc7 11. Rc1 O-O 12. Nf3 Qe7 13. Bc3 Bg4 14. O-O Rad8
15. h3 Bf5 16. g4 Bc8 17. d4 e4 18. Ne5 Nd7 19. Nxc6 bxc6 20. Ba5 Nb6 21. Rxc6
f5 22. f3 exf3 23. exf3 Qe3+ 24. Kh1 fxg4 25. hxg4 Ba6 26. Re1 Qf2 27. Bxb6
axb6 28. Rxb6 Rc8 29. Bf1 Rxf3 30. Rxa6 Rg3 0-1

[Event "6. Torneo Distrito Chamartin 2017"]
[Site "Madrid ESP"]
[Date "2017.09.08"]
[Round "7.12"]
[White "Santamaria Baeza, Adolfo"]
[Black "Alcoz Coll, Gonzalo"]
[Result "1-0"]
[WhiteElo "1796"]
[BlackElo "1960"]
[PlyCount "109"]
[EventDate "2017.09.04"]
[EventType "swiss"]
[EventRounds "9"]
[EventCountry "ESP"]
[SourceTitle "Ajedrez en Madrid"]
[Source "lmi"]
[SourceDate "2017.09.04"]
[SourceVersion "1"]
[SourceVersionDate "2018.03.05"]
[SourceQuality "1"]

1. e4 e5 2. Nf3 Nf6 3. Nxe5 d6 4. Nf3 Nxe4 5. d4 d5 6. Bd3 Bd6 7. c4 Bb4+ 8.
Nbd2 O-O 9. O-O Nxd2 10. Bxd2 Bxd2 11. Qxd2 dxc4 12. Bxc4 Nd7 13. Rac1 Nf6 14.
Qf4 c6 15. Ne5 Nd5 16. Bxd5 Qxd5 17. b3 f6 18. Nf3 Qf7 19. Rc5 Be6 20. Rc3 Bd5
21. Nd2 Rfe8 22. Nc4 Re4 23. Qd2 Rd8 24. f3 Re7 25. Ne3 Rde8 26. Nf5 Re2 27.
Qf4 Qg6 28. Rf2 Re1+ 29. Rf1 Rxf1+ 30. Kxf1 Qf7 31. Re3 Rxe3 32. Nxe3 Qe8 33.
Kf2 h6 34. Qc7 Qh5 35. Kg1 Qh4 36. Qxg7+ Kxg7 37. Nf5+ Kg6 38. Nxh4+ Kg5 39. g3
a5 40. h3 a4 41. f4+ Kh5 42. bxa4 Bxa2 43. a5 Bc4 44. Nf5 Kg6 45. Nd6 Ba6 46.
f5+ Kg7 47. Kf2 Kf8 48. Ke3 Ke7 49. Ne4 Bf1 50. h4 h5 51. Kf4 Bd3 52. Nc5 Be2
53. Nxb7 Kd7 54. a6 Kc7 55. Nc5 1-0

[Event "6. Torneo Distrito Chamartin 2017"]
[Site "Madrid ESP"]
[Date "2017.09.08"]
[Round "7.13"]
[White "Marcos Herrero, Francisco"]
[Black "Solaesa Navalpotro, Luis Julio"]
[Result "0-1"]
[WhiteElo "1872"]
[BlackElo "2272"]
[PlyCount "50"]
[EventDate "2017.09.04"]
[EventType "swiss"]
[EventRounds "9"]
[EventCountry "ESP"]
[SourceTitle "Ajedrez en Madrid"]
[Source "lmi"]
[SourceDate "2017.09.04"]
[SourceVersion "1"]
[SourceVersionDate "2018.03.05"]
[SourceQuality "1"]

1. d4 Nf6 2. c4 e6 3. g3 d5 4. Nf3 Be7 5. Bg2 O-O 6. O-O c6 7. Qc2 b6 8. Nbd2
Bb7 9. e4 Nbd7 10. Re1 Rc8 11. e5 Ne8 12. b3 c5 13. Bb2 dxc4 14. bxc4 cxd4 15.
Rad1 d3 16. Qxd3 Nc5 17. Qxd8 Rxd8 18. Bf1 Nd3 19. Bxd3 Rxd3 20. Nd4 Nc7 21.
N2b3 Rxd1 22. Rxd1 Rd8 23. Kf1 Na6 24. Ke2 Nc5 25. Nb5 Bf3+ 0-1

[Event "6. Torneo Distrito Chamartin 2017"]
[Site "Madrid ESP"]
[Date "2017.09.08"]
[Round "7.14"]
[White "Tarrio Ocaña, Jose Manuel"]
[Black "Villar Reymundo, Juan Antonio"]
[Result "1/2-1/2"]
[WhiteElo "1869"]
[BlackElo "2204"]
[PlyCount "71"]
[EventDate "2017.09.04"]
[EventType "swiss"]
[EventRounds "9"]
[EventCountry "ESP"]
[SourceTitle "Ajedrez en Madrid"]
[Source "lmi"]
[SourceDate "2017.09.04"]
[SourceVersion "1"]
[SourceVersionDate "2018.03.05"]
[SourceQuality "1"]

1. e4 c5 2. Nc3 Nc6 3. Bb5 Nd4 4. Nf3 e6 5. O-O a6 6. Bd3 d6 7. Nxd4 cxd4 8.
Ne2 e5 9. c3 dxc3 10. dxc3 Nf6 11. Bg5 Be7 12. Bxf6 Bxf6 13. Bc4 O-O 14. Ng3 g6
15. Qe2 Qc7 16. Rfd1 Be6 17. Bd5 Rac8 18. Nf1 Bg5 19. Ne3 Rfd8 20. Rd3 Bd7 21.
b3 b5 22. Rad1 Be6 23. g3 Rb8 24. h4 Bh6 25. h5 Bxe3 26. Qxe3 Bxd5 27. Rxd5 Qe7
28. hxg6 fxg6 29. Kg2 Rb7 30. Qd2 Rb6 31. c4 bxc4 32. bxc4 Rc8 33. Rxd6 Rxd6
34. Qxd6 Qxd6 35. Rxd6 Rxc4 36. Rxa6 1/2-1/2

[Event "6. Torneo Distrito Chamartin 2017"]
[Site "Madrid ESP"]
[Date "2017.09.08"]
[Round "7.15"]
[White "Camarero Izquierdo, Juan Carlos"]
[Black "Gonzalez Aguirre, Luis"]
[Result "0-1"]
[WhiteElo "1844"]
[BlackElo "2105"]
[PlyCount "108"]
[EventDate "2017.09.04"]
[EventType "swiss"]
[EventRounds "9"]
[EventCountry "ESP"]
[SourceTitle "Ajedrez en Madrid"]
[Source "lmi"]
[SourceDate "2017.09.04"]
[SourceVersion "1"]
[SourceVersionDate "2018.03.05"]
[SourceQuality "1"]

1. d4 d5 2. Nc3 c6 3. f3 e5 4. dxe5 d4 5. Ne4 Qa5+ 6. c3 dxc3 7. Nxc3 Qxe5 8.
e4 Nf6 9. Nge2 Be7 10. Be3 O-O 11. Bd4 Qa5 12. Qc2 Nbd7 13. Nc1 Qc7 14. Bd3 Bc5
15. N1e2 Bxd4 16. Nxd4 Nc5 17. Be2 Ne6 18. Nxe6 Bxe6 19. O-O Rfd8 20. Kh1 Rd7
21. Rad1 Rad8 22. Rxd7 Rxd7 23. f4 Qd8 24. f5 Rd2 25. Qc1 Bc8 26. e5 Ne4 27.
Nxe4 Rxe2 28. Qf4 Rxb2 29. f6 Qd3 30. fxg7 Be6 31. Nf6+ Kxg7 32. Nh5+ Kf8 33.
Qf6 Rb1 34. Ng3 Rxf1+ 35. Nxf1 Bc4 36. Qh6+ Ke7 37. h3 Qxf1+ 38. Kh2 Bd5 39.
Qd6+ Ke8 40. Qb8+ Kd7 41. Qd6+ Kc8 42. Qf8+ Kc7 43. Qd6+ Kb6 44. Qb4+ Qb5 45.
Qh4 Qb2 46. Qg5 Qxg2+ 47. Qxg2 Bxg2 48. Kxg2 Kc5 49. Kg3 Kd4 50. Kg4 Kxe5 51.
Kg5 c5 52. Kh6 c4 53. Kxh7 c3 54. Kg7 c2 0-1

[Event "6. Torneo Distrito Chamartin 2017"]
[Site "Madrid ESP"]
[Date "2017.09.08"]
[Round "7.16"]
[White "Garcia Villalba, Daniel"]
[Black "Blesa Fernandez, Francisco"]
[Result "1-0"]
[WhiteElo "1827"]
[BlackElo "2010"]
[PlyCount "155"]
[EventDate "2017.09.04"]
[EventType "swiss"]
[EventRounds "9"]
[EventCountry "ESP"]
[SourceTitle "Ajedrez en Madrid"]
[Source "lmi"]
[SourceDate "2017.09.04"]
[SourceVersion "1"]
[SourceVersionDate "2018.03.05"]
[SourceQuality "1"]

1. e4 c5 2. Nf3 e6 3. c3 d5 4. exd5 exd5 5. d4 Nc6 6. Bb5 Bd6 7. O-O Nge7 8.
dxc5 Bxc5 9. Nbd2 O-O 10. Nb3 Bd6 11. Nbd4 Bg4 12. Be3 Bc7 13. Qd2 Qd6 14. g3
Qg6 15. Rfe1 Qh5 16. Be2 Ng6 17. Nxc6 bxc6 18. Nd4 Ne5 19. Bf4 Bxe2 20. Qxe2
Ng4 21. f3 Ne5 22. Bxe5 Rfe8 23. f4 Qxe2 24. Rxe2 Bb6 25. Rae1 f6 26. Bd6 Red8
27. Ba3 c5 28. Nf3 d4 29. cxd4 cxd4 30. Kf1 d3 31. Rd2 Rd5 32. Red1 Rad8 33.
Ne1 Rh5 34. Kg2 g5 35. fxg5 Rxg5 36. Rxd3 Re8 37. Nf3 Re2+ 38. Kh1 Rh5 39. R1d2
Re4 40. Kg2 Rf5 41. Rd5 Rxd5 42. Rxd5 Re2+ 43. Kh3 Re4 44. Rd2 h5 45. Bd6 Kf7
46. Bf4 Ra4 47. b3 Ra5 48. Rd7+ Ke6 49. Rd6+ Ke7 50. Rd2 Kf7 51. Re2 Bc5 52.
Rc2 Bf8 53. Be3 a6 54. Bd4 Be7 55. Rc7 Ke6 56. Rc2 Kf7 57. Bb6 Rb5 58. Be3 Ra5
59. Rc7 Ke8 60. Rc2 Kf7 61. Nd4 Bf8 62. Kg2 Kg6 63. Kh3 Kf7 64. Bf4 Rd5 65. Nf3
Be7 66. Rc6 Ra5 67. a4 Ke8 68. Kg2 Kd7 69. Bd2 Rxa4 70. bxa4 Kxc6 71. Kh3 Kd5
72. Kh4 Kc4 73. Kxh5 Bb4 74. Kg6 Bxd2 75. Nxd2+ Kb4 76. h4 Kxa4 77. h5 a5 78.
h6 1-0

[Event "6. Torneo Distrito Chamartin 2017"]
[Site "Madrid ESP"]
[Date "2017.09.08"]
[Round "7.17"]
[White "Mkrtchyan, Levon"]
[Black "Calvo De Castro, Miguel"]
[Result "1-0"]
[WhiteElo "1964"]
[BlackElo "1836"]
[PlyCount "83"]
[EventDate "2017.09.04"]
[EventType "swiss"]
[EventRounds "9"]
[EventCountry "ESP"]
[SourceTitle "Ajedrez en Madrid"]
[Source "lmi"]
[SourceDate "2017.09.04"]
[SourceVersion "1"]
[SourceVersionDate "2018.03.05"]
[SourceQuality "1"]

1. e4 c5 2. Nf3 Nc6 3. d4 cxd4 4. Nxd4 g6 5. Nc3 Bg7 6. Be3 Nf6 7. Bc4 O-O 8.
Bb3 a5 9. a4 Ng4 10. Qxg4 Nxd4 11. Bxd4 Bxd4 12. O-O-O Bxc3 13. bxc3 Qc7 14.
Qg3 Qxg3 15. hxg3 d6 16. Rhe1 Re8 17. e5 dxe5 18. Rxe5 e6 19. Rd6 Ra7 20. Bc4
Kg7 21. Bb5 Rg8 22. Rc5 f6 23. Rc7+ Kh6 24. Bd7 Ra8 25. Bxe6 Bxe6 26. Rxe6 Rac8
27. Ree7 Rh8 28. Rxh7+ Rxh7 29. Rxc8 Re7 30. Rd8 Re2 31. Rd2 Re4 32. Rd4 Re2
33. Rf4 Kg7 34. Kd1 Re5 35. Kd2 Kf7 36. Rd4 Ke7 37. c4 b6 38. Kd3 f5 39. Rd5
Re6 40. c5 bxc5 41. Rxc5 Rd6+ 42. Kc3 1-0

[Event "6. Torneo Distrito Chamartin 2017"]
[Site "Madrid ESP"]
[Date "2017.09.08"]
[Round "7.18"]
[White "Martinez Aragon, Aitor"]
[Black "Porras Fernandez, Alberto"]
[Result "0-1"]
[WhiteElo "1702"]
[BlackElo "1959"]
[PlyCount "44"]
[EventDate "2017.09.04"]
[EventType "swiss"]
[EventRounds "9"]
[EventCountry "ESP"]
[SourceTitle "Ajedrez en Madrid"]
[Source "lmi"]
[SourceDate "2017.09.04"]
[SourceVersion "1"]
[SourceVersionDate "2018.03.05"]
[SourceQuality "1"]

1. e4 c5 2. Nf3 Nc6 3. d4 cxd4 4. Nxd4 Qc7 5. Nc3 e6 6. Ndb5 Qb8 7. Be3 a6 8.
Bb6 axb5 9. Nxb5 Ra5 10. Bxa5 Nxa5 11. Qd2 Nc6 12. Bd3 Nf6 13. O-O Bc5 14. Kh1
O-O 15. f4 b6 16. c4 Ba6 17. Rad1 e5 18. fxe5 Ng4 19. a3 Ncxe5 20. b4 Nxd3 21.
g3 Ndf2+ 22. Kg2 Nxd1 0-1

[Event "6. Torneo Distrito Chamartin 2017"]
[Site "Madrid ESP"]
[Date "2017.09.08"]
[Round "7.19"]
[White "Lobato Lavin, Alvaro"]
[Black "Picazo Sancho, Alvaro"]
[Result "0-1"]
[WhiteElo "1937"]
[BlackElo "1772"]
[PlyCount "42"]
[EventDate "2017.09.04"]
[EventType "swiss"]
[EventRounds "9"]
[EventCountry "ESP"]
[SourceTitle "Ajedrez en Madrid"]
[Source "lmi"]
[SourceDate "2017.09.04"]
[SourceVersion "1"]
[SourceVersionDate "2018.03.05"]
[SourceQuality "1"]

1. e4 c5 2. Nf3 Nf6 3. Nc3 e6 4. d4 cxd4 5. Nxd4 a6 6. Bd3 Nc6 7. Nb3 Qc7 8.
O-O Be7 9. f4 d6 10. Kh1 O-O 11. a4 Bd7 12. Be3 Nb4 13. Be2 e5 14. f5 Bc6 15.
Bf3 b5 16. axb5 axb5 17. Qe2 d5 18. exd5 Nbxd5 19. Bxd5 Nxd5 20. Nxd5 Bxd5 21.
Qxb5 Bc4 0-1

[Event "6. Torneo Distrito Chamartin 2017"]
[Site "Madrid ESP"]
[Date "2017.09.08"]
[Round "7.20"]
[White "Ruiz Bellon, Manuel"]
[Black "Clavero Alarcon, Jose Miguel"]
[Result "1-0"]
[WhiteElo "1916"]
[BlackElo "1824"]
[PlyCount "65"]
[EventDate "2017.09.04"]
[EventType "swiss"]
[EventRounds "9"]
[EventCountry "ESP"]
[SourceTitle "Ajedrez en Madrid"]
[Source "lmi"]
[SourceDate "2017.09.04"]
[SourceVersion "1"]
[SourceVersionDate "2018.03.05"]
[SourceQuality "1"]

1. Nf3 d5 2. g3 Nf6 3. Bg2 c6 4. c4 Bf5 5. O-O e6 6. cxd5 exd5 7. d3 h6 8. Nc3
Be7 9. Qb3 Qb6 10. Qc2 Bh7 11. e4 O-O 12. Be3 Qd8 13. Qb3 dxe4 14. dxe4 Qc8 15.
Ne5 Na6 16. f3 Nc7 17. Nd3 b6 18. Ne5 c5 19. Nc6 Re8 20. Nxe7+ Rxe7 21. Rad1
Qe8 22. Bf4 Ne6 23. Bd6 Rd7 24. e5 Nd4 25. Rxd4 cxd4 26. Nb5 Rc8 27. Nxd4 Rxd6
28. exd6 Rc5 29. Bh3 Qe5 30. Rd1 Rd5 31. Nc6 Qxd6 32. Rxd5 Nxd5 33. Qxd5 1-0

[Event "6. Torneo Distrito Chamartin 2017"]
[Site "Madrid ESP"]
[Date "2017.09.08"]
[Round "7.21"]
[White "Rottenwoerer, Christoph"]
[Black "Bustos Bernardo, Samuel"]
[Result "0-1"]
[WhiteElo "1691"]
[BlackElo "2096"]
[PlyCount "168"]
[EventDate "2017.09.04"]
[EventType "swiss"]
[EventRounds "9"]
[EventCountry "ESP"]
[SourceTitle "Ajedrez en Madrid"]
[Source "lmi"]
[SourceDate "2017.09.04"]
[SourceVersion "1"]
[SourceVersionDate "2018.03.05"]
[SourceQuality "1"]

1. d4 Nf6 2. Bf4 d6 3. e3 g6 4. Nf3 Bg7 5. Be2 O-O 6. c4 c5 7. O-O cxd4 8. exd4
d5 9. Ne5 Be6 10. Qb3 dxc4 11. Bxc4 Bxc4 12. Qxc4 Nh5 13. Be3 Nd7 14. Nf3 Nb6
15. Qe2 Nd5 16. Nc3 Rc8 17. Nxd5 Qxd5 18. b3 Qe4 19. Rac1 Rcd8 20. Qc2 Qd5 21.
Qc5 Nf6 22. Qxd5 Nxd5 23. Rc4 e6 24. Rfc1 h6 25. Kf1 Rd6 26. Bd2 Rfd8 27. R1c2
Kf8 28. Ke2 Ke8 29. Rc8 Nb6 30. Rxd8+ Kxd8 31. Bf4 Rd7 32. Ne5 Re7 33. Kd3 Nd5
34. Bd2 g5 35. Ba5+ Nb6 36. Bxb6+ axb6 37. Rc4 f6 38. Nf3 Rd7 39. Ra4 Kc7 40.
Rc4+ Kd6 41. g4 f5 42. h3 fxg4 43. hxg4 Rf7 44. Ke3 Rf4 45. Rb4 Kc6 46. d5+
Kxd5 47. Rxf4 gxf4+ 48. Kxf4 b5 49. Ke3 Bf6 50. Kd3 Be7 51. Nd2 Ke5 52. f3 Bh4
53. Ne4 b6 54. a3 Be1 55. Ke2 Bh4 56. Kd3 Be7 57. a4 bxa4 58. bxa4 Kd5 59. Kc3
Ke5 60. Kd3 Kf4 61. Ke2 Bb4 62. Nf6 Kg5 63. Nd7 Ba5 64. Ne5 Bc3 65. Nc4 Bd4 66.
Nd2 Kf4 67. Ne4 Ke5 68. Kd3 Kd5 69. f4 Ba1 70. Nd2 Bh8 71. Nc4 Kc5 72. f5 exf5
73. gxf5 h5 74. a5 b5 75. Ne3 Bf6 76. a6 Kc6 77. a7 Kb7 78. a8=Q+ Kxa8 79. Nd5
Be5 80. f6 Kb7 81. Ke4 Bd6 82. Kf5 Kc6 83. Ne7+ Bxe7 84. fxe7 Kd7 0-1

[Event "6. Torneo Distrito Chamartin 2017"]
[Site "Madrid ESP"]
[Date "2017.09.08"]
[Round "7.22"]
[White "Cabañas Bravo, Juan Andres"]
[Black "Martinez Miura, Enrique"]
[Result "1-0"]
[WhiteElo "2009"]
[BlackElo "1684"]
[PlyCount "65"]
[EventDate "2017.09.04"]
[EventType "swiss"]
[EventRounds "9"]
[EventCountry "ESP"]
[SourceTitle "Ajedrez en Madrid"]
[Source "lmi"]
[SourceDate "2017.09.04"]
[SourceVersion "1"]
[SourceVersionDate "2018.03.05"]
[SourceQuality "1"]

1. e4 c5 2. Nf3 Nc6 3. d4 cxd4 4. Nxd4 Nf6 5. Nc3 a6 6. Be3 g6 7. f3 Bg7 8. Qd2
O-O 9. Bc4 Nxd4 10. Bxd4 b5 11. Bb3 Bb7 12. O-O-O d6 13. Kb1 Qc7 14. Rhe1 Rfd8
15. Qf2 Nd7 16. Qh4 Bxd4 17. Rxd4 Nf6 18. g4 Qc5 19. Red1 a5 20. a4 Ba6 21. g5
Nh5 22. axb5 Bb7 23. f4 e6 24. Qg4 Rd7 25. Bxe6 fxe6 26. Qxe6+ Rf7 27. Rxd6
Nxf4 28. Qg4 Rc8 29. Rf6 Rxf6 30. gxf6 Qe5 31. Rd7 Bxe4 32. Rg7+ Kh8 33. Qxc8+
1-0

[Event "6. Torneo Distrito Chamartin 2017"]
[Site "Madrid ESP"]
[Date "2017.09.08"]
[Round "7.23"]
[White "Lozano Freras, Sergio"]
[Black "Barragan Panal, Juan Jose"]
[Result "1-0"]
[WhiteElo "1969"]
[BlackElo "1683"]
[PlyCount "103"]
[EventDate "2017.09.04"]
[EventType "swiss"]
[EventRounds "9"]
[EventCountry "ESP"]
[SourceTitle "Ajedrez en Madrid"]
[Source "lmi"]
[SourceDate "2017.09.04"]
[SourceVersion "1"]
[SourceVersionDate "2018.03.05"]
[SourceQuality "1"]

1. e4 c6 2. d4 d5 3. exd5 cxd5 4. c4 Nf6 5. Nc3 Nc6 6. Bg5 e6 7. Nf3 Be7 8. c5
O-O 9. Bb5 Bd7 10. O-O Ne4 11. Bxe7 Nxc3 12. Bxd8 Nxd1 13. Bc7 Nxb2 14. Bd6
Rfc8 15. Rab1 Nc4 16. Bxc4 dxc4 17. Rxb7 Be8 18. Rc1 Na5 19. Rb4 Bc6 20. Ne5
Bd5 21. Rb5 Nc6 22. Nxc6 Rxc6 23. Rc3 Ra6 24. a3 Rc8 25. Kf1 h6 26. Ke2 Kh7 27.
Kd2 Ra4 28. f3 Kg6 29. Kc2 Kf5 30. Rb4 Ra5 31. a4 Kg6 32. Rcxc4 Bxc4 33. Rxc4
Ra6 34. Kb3 Rac6 35. Rb4 h5 36. Rb7 a6 37. Rb6 Kf5 38. Kb4 f6 39. Ka5 g5 40.
Rxa6 e5 41. dxe5 Rxc5+ 42. Bxc5 Rxc5+ 43. Kb4 Rxe5 44. Ra5 Kf4 45. Rxe5 fxe5
46. a5 g4 47. a6 gxf3 48. gxf3 Kxf3 49. a7 Kg2 50. a8=Q+ Kxh2 51. Qh8 Kg3 52.
Qxh5 1-0

[Event "6. Torneo Distrito Chamartin 2017"]
[Site "Madrid ESP"]
[Date "2017.09.08"]
[Round "7.24"]
[White "Diaz Begonte, Manuel"]
[Black "Cardena Contreras, Javier"]
[Result "0-1"]
[WhiteElo "1632"]
[BlackElo "1925"]
[PlyCount "75"]
[EventDate "2017.09.04"]
[EventType "swiss"]
[EventRounds "9"]
[EventCountry "ESP"]
[SourceTitle "Ajedrez en Madrid"]
[Source "lmi"]
[SourceDate "2017.09.04"]
[SourceVersion "1"]
[SourceVersionDate "2018.03.05"]
[SourceQuality "1"]

1. e4 c5 2. d4 cxd4 3. c3 Nf6 4. e5 Nd5 5. cxd4 d6 6. Nf3 Nc6 7. Nc3 dxe5 8.
dxe5 Nxc3 9. Qxd8+ Nxd8 10. bxc3 Bd7 11. Bd3 e6 12. O-O Bc5 13. a4 O-O 14. Ba3
Rc8 15. Bxc5 Rxc5 16. c4 Bc6 17. Rfe1 Bxf3 18. gxf3 Nc6 19. f4 Nb4 20. Be4 b6
21. Rac1 Rfc8 22. Red1 g6 23. Rd4 a6 24. Bf3 Ra5 25. Bd1 Rac5 26. Be2 b5 27.
axb5 axb5 28. Rb1 Nc2 29. Rd2 Na3 30. Rb4 bxc4 31. Ra4 c3 32. Rd1 c2 33. Rc1
Nb1 34. Rd4 Na3 35. Ra4 Rc3 36. f3 Rb8 37. Rxa3 Rxa3 38. Rxc2 0-1